Score 0/26 Timer 06:00
0 Plays Today
Country % Correct
Russia
78.4%
Australia
68.4%
Iraq
65.2%
Italy
65.2%
Egypt
63.2%
Peru
62.2%
Portugal
58.2%
Austria
56.7%
Laos
52.6%
Turkey
52.5%
Israel
50.7%
South Korea
48.1%
Uruguay
48%
Country % Correct
Paraguay
47.1%
Qatar
46.4%
Haiti
45.1%
Fiji
43.1%
Togo
41.2%
Algeria
40%
Syria
38.9%
Ethiopia
37.5%
Kuwait
35.7%
Georgia
35%
Eritrea
33.8%
Lesotho
30.6%
Palau
26.8%
Remove Ads.
Support Sporcle.
Get the best of Sporcle when you Go Orange. This ad-free experience offers more features, more stats, and more fun while also helping to support Sporcle. Thank you for becoming a member.

You're not logged in!

Compare scores with friends on all Sporcle quizzes.
OR
Log In

Show Comments

Extras

Top Quizzes Today


Score Distribution

Your Account Isn't Verified!

In order to create a playlist on Sporcle, you need to verify the email address you used during registration. Go to your Sporcle Settings to finish the process.

Report this User

Report this user for behavior that violates our Community Guidelines.

Details: